Online
Catalog

Legislación dominicana sobre museos y protección del patrimonio cultural 1870-1977 / (Record no. 5602)

MARC details
000 -CABECERA
campo de control de longitud fija 00745nam a2200193 a 4500
001 - NÚMERO DE CONTROL
campo de control 000005806
005 - FECHA Y HORA DE LA ÚLTIMA TRANSACCIÓN
campo de control 20240229073943.0
008 - DATOS DE LONGITUD FIJA--INFORMACIÓN GENERAL
campo de control de longitud fija 090824s1978 dr 001 0 spa d
040 ## - FUENTE DE LA CATALOGACIÓN
Centro catalogador/agencia de origen DO-SdBNP
Lengua de catalogación spa
Centro/agencia transcriptor BNPHU
082 ## - NÚMERO DE LA CLASIFICACIÓN DECIMAL DEWEY
Número de clasificación 344.093
Número de documento/Ítem L514d
245 00 - MENCIÓN DE TÍTULO
Título Legislación dominicana sobre museos y protección del patrimonio cultural 1870-1977 /
Mención de responsabilidad, etc. compilación Plinio Pina P. ; edición José Chez Checo.
260 ## - PUBLICACIÓN, DISTRIBUCIÓN, ETC.
Lugar de publicación, distribución, etc. Santo Domingo :
Nombre del editor, distribuidor, etc. Museo del Hombre Dominicano,
Fecha de publicación, distribución, etc. 1978.
300 ## - DESCRIPCIÓN FÍSICA
Extensión 136 p. ;
Dimensiones 20 cm.
490 1# - MENCIÓN DE SERIE
Mención de serie Catálogos y memorias
Designación de volumen o secuencia 5
650 #4 - PUNTO DE ACCESO ADICIONAL DE MATERIA--TÉRMINO DE MATERIA
Término de materia o nombre geográfico como elemento de entrada Museos
Subdivisión general Legislación
Subdivisión geográfica República Dominicana
9 (RLIN) 16419
700 1# - PUNTO DE ACCESO ADICIONAL--NOMBRE DE PERSONA
Nombre de persona Pina P. , Plinio
Término indicativo de función/relación comp.
9 (RLIN) 16420
700 1# - PUNTO DE ACCESO ADICIONAL--NOMBRE DE PERSONA
Nombre de persona Chez Checo, José,
Fechas asociadas al nombre 1949-
Término indicativo de función/relación ed.
9 (RLIN) 10145
830 #0 - PUNTO DE ACCESO ADICIONAL DE SERIE-TÍTULO UNIFORME
Título uniforme Catálogos y memorias
Número de parte o sección de la obra 5
9 (RLIN) 16421
Holdings
Estado de retiro Estado de pérdida Restricciones de uso No para préstamo Código de colección Localización permanente Ubicación/localización actual Ubicación en estantería Fecha de adquisición Número de inventario Total de préstamos Signatura topográfica completa Código de barras Fecha visto por última vez Número de copia Precio válido a partir de Tipo de ítem Koha Nota pública
        Dominicana de Servicio General General Depósito 24.08.2009 LF1   344.093 L514d 5806-30 25.06.2020 e. 3 25.06.2020 Libro y Folleto Colección Dominicana de Servicio  
        Dominicana de Servicio General General Depósito 24.08.2009 LF1   344.093 L514d 5806-40 25.06.2020 e. 4 25.06.2020 Libro y Folleto Colección Dominicana de Servicio  
        Dominicana de Servicio General General Depósito 24.08.2009 LF1   344.093 L514d 5806-50 25.06.2020 e. 5 25.06.2020 Libro y Folleto Colección Dominicana de Servicio  
      Excluido de préstamo Patrimonio Dominicano Patrimonio Dominicano Patrimonio Dominicano Depósito 24.08.2009 LF1   344.093 L514d 5806-10 25.06.2020   25.06.2020 Libro y Folleto Colección Patrimonio Dominicano Perteneció a la biblioteca personal de Aída Cartagena Portalatín.
      Excluido de préstamo Patrimonio Dominicano Patrimonio Dominicano Patrimonio Dominicano Depósito 24.08.2009 LF1   344.093 L514d 5806-20 25.06.2020 e. 2 25.06.2020 Libro y Folleto Colección Patrimonio Dominicano  

Powered by Koha